La Educación superior en el siglo XXI: visión de América Latina y el Caribe . Documentos /
Tallennettuna:
| Yhteisötekijät: | , |
|---|---|
| Aineistotyyppi: | Teksti |
| Julkaistu: |
Caracas:
UNESCO
|
| Aiheet: | |
| Tagit: |
Lisää tagi
Ei tageja, Lisää ensimmäinen tagi!
|
MARC
| LEADER | 00000 a a2200000 04500 | ||
|---|---|---|---|
| 001 | 27108 | ||
| 003 | |||
| 040 | |||
| 090 | |a 183702 | ||
| 110 | |a Cuba. Ministerio de Educación Superior | ||
| 245 | |a La Educación superior en el siglo XXI: visión de América Latina y el Caribe . Documentos / |c Cuba. Ministerio de Educación Superior | ||
| 260 | |a Caracas: |b UNESCO | ||
| 650 | |a ENSEÑANZA SUPERIOR | ||
| 650 | |a CIENCIA Y TECNOLOGIA | ||
| 650 | |a GLOBALIZACION | ||
| 650 | |a PLANIFICACION DE LA EDUCACION | ||
| 650 | |a REFORMA DE LA EDUCACION | ||
| 650 | |a INVESTIGACION CIENTIFICA | ||
| 650 | |a INVESTIGACION APLICADA | ||
| 710 | |a Centro Regional para la Educación Superior en América Latina y el Caribe |a Organización de las Naciones Unidas para la Educación, la Ciencia y la Cultura | ||
| 999 | |c 5139 |d 5139 | ||
